La prueba en los procedimientos: VII Jornadas Nacionales de Derecho Procesal
保存先:
| 第一著者: | |
|---|---|
| その他の著者: | |
| フォーマット: | 不明 |
| 言語: | 英語 スペイン語 |
| 出版事項: |
Legal Publishing
2019
|
| 版: | Primera edición |
| 主題: | |
| タグ: |
タグ追加
タグなし, このレコードへの初めてのタグを付けませんか!
|
MARC
| LEADER | 00000 a2200000 4500 | ||
|---|---|---|---|
| 003 | CL-VaPUC | ||
| 005 | 20250507143400.0 | ||
| 008 | 200115b ||||| |||| 00| 0 eng d | ||
| 999 | |c 376501 |d 376499 | ||
| 020 | |a 9789564000756 | ||
| 040 | |c Pontificia Universidad Católica de Valparaíso | ||
| 041 | 0 | |a spa | |
| 082 | |a 347.8306 SAN 2019 | ||
| 100 | |a Santibáñez Torres, María Elena |e directora |9 605721 | ||
| 245 | 1 | 3 | |a La prueba en los procedimientos: |b VII Jornadas Nacionales de Derecho Procesal |
| 250 | |a Primera edición | ||
| 260 | |b Legal Publishing |c 2019 | ||
| 300 | |a 815 p | ||
| 505 | 0 | |a Capítulo I. La prueba en el procedimiento civil. Capítulo II. La prueba en el procedimiento de familia. Capítulo III. La prueba en el procedimiento constitucional. Capítulo IV. La prueba en el procedimiento penal. Capítulo V. La prueba en el procedimiento laboral. Capítulo VI. La prueba en el procedimiento contencioso administrativo. Capítulo VII. La prueba en los procedimientos especiales. | |
| 583 | |k Hugo Gaete |c 20200115 | ||
| 650 | 0 | 0 | |a PRUEBA DOCUMENTAL |9 370021 |
| 650 | 0 | 0 | |a Apreciación de la prueba |9 254854 |
| 650 | 0 | 0 | |a MEDIOS DE PRUEBA |9 384094 |
| 650 | 0 | 0 | |a Procedimiento civil |9 254870 |
| 650 | 0 | 0 | |a Derecho de familia |9 255603 |
| 650 | 0 | 0 | |a PROCEDIMIENTO CONSTITUCIONAL |9 605803 |
| 650 | 0 | 0 | |a DERECHO LABORAL |9 15 |
| 700 | 1 | |a Marcazzolo Awad, Ximena |e coordinadora |9 605804 | |
| 942 | |2 ddc |c BK | ||
| 952 | |0 0 |1 0 |2 ddc |4 0 |6 347_830600000000000_SAN_2019 |7 0 |9 495980 |a BIBDER |b BIBDER |d 2020-01-13 |e 31 |g 0.00 |i 5572665 |l 8 |o 347.8306 SAN 2019 |p 5572665 |r 2024-11-08 |s 2024-11-06 |t 1 |v 0.00 |w 2020-01-13 |y BK |k DER | ||